Welfare law, welfare fraud, and the moral regulation of the `Never Deserving' poor (Record no. 60840)

000 -LEADER
fixed length control field 00492pab a2200181 454500
008 - FIXED-LENGTH DATA ELEMENTS--GENERAL INFORMATION
fixed length control field 180718b2004 xxu||||| |||| 00| 0 eng d
100 ## - MAIN ENTRY--PERSONAL NAME
Personal name Chunn, Dorothy E.
245 ## - TITLE STATEMENT
Title Welfare law, welfare fraud, and the moral regulation of the `Never Deserving' poor
260 ## - PUBLICATION, DISTRIBUTION, ETC.
Date of publication, distribution, etc. 2004
300 ## - PHYSICAL DESCRIPTION
Extent p.219-43.
362 ## - DATES OF PUBLICATION AND/OR SEQUENTIAL DESIGNATION
Dates of publication and/or sequential designation Jun
650 ## - SUBJECT ADDED ENTRY--TOPICAL TERM
Topical term or geographic name entry element Social welfare
650 ## - SUBJECT ADDED ENTRY--TOPICAL TERM
Topical term or geographic name entry element Poor
650 ## - SUBJECT ADDED ENTRY--TOPICAL TERM
Topical term or geographic name entry element Social security
700 ## - ADDED ENTRY--PERSONAL NAME
Personal name Gavigan, Shelley A.M.
773 ## - HOST ITEM ENTRY
Main entry heading Social and Legal Studies
909 ## -
-- 60840
Holdings
Withdrawn status Lost status Damaged status Not for loan Permanent Location Current Location Date acquired Serial Enumeration / chronology Barcode Date last seen Price effective from Koha item type
        Indian Institute of Public Administration Indian Institute of Public Administration 2018-07-19 Volume no: 13, Issue no: 2 AR61286 2018-07-19 2018-07-19 Articles

Powered by Koha